000 00605nam a2200229Ia 4500
003 OSt
005 20221006153256.0
006 a|||||r|||| 00| 0
007 ta
008 221006b |||||||| |||| 00| 0 kor d
024 _a31,846
037 _bGift, Korean Embassy
_cTextual
040 _aEASL
_cEASL
_bkor
041 _2kor
_akor
100 _aLEE Chang Yeong Au.
_9663253
245 0 _aGwahak-ero sesangbogi
260 _aKorea
_bHanseong
_c2005
300 _a312p.
_ccm.
490 _v KL
942 _cTEXL
_2CC
999 _c1099932
_d1099932